Loading...
| Literature - American | 0 | 3 | 0 | 1 | 30 | 105 | 128.00 | 0 | 1 | 0.00 | 0.00 |
| Literature - British | 0 | 3 | 0 | 0 | 30 | 91 | 119.33 | 0 | 2 | 0.00 | 0.00 |
| Literature - European | 0 | 3 | 0 | 2 | 30 | 125 | 134.67 | 0 | 1 | 0.00 | 0.00 |
| Religion | 0 | 2 | 0 | 0 | 20 | 106 | 121.00 | 0 | 2 | 0.00 | 0.00 |
| Fine Arts - Painting and Sculpture | 0 | 2 | 0 | 0 | 20 | 85 | 107.00 | 0 | 2 | 0.00 | 0.00 |
| History - World | 0 | 1 | 0 | 1 | 10 | 140 | 140.00 | 0 | 1 | 0.00 | 0.00 |
| Literature - World | 0 | 1 | 0 | 0 | 10 | 134 | 134.00 | 0 | 0 | 0.00 | 0.00 |
| Science - Other | 0 | 1 | 0 | 1 | 10 | 119 | 119.00 | 0 | 0 | 0.00 | 0.00 |
| Social Science | 0 | 0 | 1 | 0 | -5 | 0.00 | 0 | 0 | 0.00 | 0.00 | |
| Science - Physics | 0 | 0 | 1 | 0 | -5 | 0.00 | 0 | 0 | 0.00 | 0.00 | |
| Fine Arts - Classical Music | 0 | 0 | 1 | 0 | -5 | 0.00 | 0 | 0 | 0.00 | 0.00 |